A bibliography works made within the framework of the ongoing project of MTA-SZTE Research Group of the Ottoman Age (ELKH) between 2017 and 2021 /
Elmentve itt :
| Szerzők: | |
|---|---|
| Dokumentumtípus: | Könyv része |
| Megjelent: |
2021
|
| Sorozat: | Fontes et Libri : tanulmányok / studies
New Approaches to the Habsburg–Ottoman Diplomatic Relations |
| Kulcsszavak: | Történettudomány - bibliográfia |
| Tárgyszavak: | |
| Online Access: | http://acta.bibl.u-szeged.hu/74497 |
| LEADER | 00986naa a2200241 i 4500 | ||
|---|---|---|---|
| 001 | acta74497 | ||
| 005 | 20220228094909.0 | ||
| 008 | 220228s2021 hu o 0|| eng d | ||
| 020 | |a 978-963-306-822-9 | ||
| 022 | |a 2786-2755 | ||
| 040 | |a SZTE Egyetemi Kiadványok Repozitórium |b hun | ||
| 041 | |a eng | ||
| 100 | 1 | |a Papp Sándor | |
| 245 | 1 | 2 | |a A bibliography |h [elektronikus dokumentum] : |b works made within the framework of the ongoing project of MTA-SZTE Research Group of the Ottoman Age (ELKH) between 2017 and 2021 / |c Papp Sándor |
| 260 | |c 2021 | ||
| 300 | |a 177-183 | ||
| 490 | 0 | |a Fontes et Libri : tanulmányok / studies | |
| 490 | 0 | |a New Approaches to the Habsburg–Ottoman Diplomatic Relations | |
| 650 | 4 | |a Bölcsészettudományok | |
| 650 | 4 | |a Történettudomány és régészet | |
| 695 | |a Történettudomány - bibliográfia | ||
| 700 | 0 | 1 | |a Marton Gellért Ernő |e aut |
| 856 | 4 | 0 | |u http://acta.bibl.u-szeged.hu/74497/1/fontes_et_libri_ts_2021_177-183.pdf |z Dokumentum-elérés |